Statistics for "Relating To" Words

Click here to take the quiz!

General Stats

  • This quiz has been taken 27 times
  • The average score is 6 of 12

Answer Stats

Given Word'Relating to" Word% Correct
MoonLunar
92%
SunSolar
92%
MouthOral
75%
NoseNasal
63%
NumbersNumerical
58%
FamilyFamilial
54%
AutomobilesVehicular
42%
TimeTemporal
33%
WaterAquatic
29%
EarOtic
25%
GodDivine
17%
WarMartial
17%

Score Distribution

Percentile by Number Answered

Percent of People with Each Score

Your Score History

You have not taken this quiz